Sultan Bahu / (Record no. 133466)

MARC details
000 -LEADER
fixed length control field 00760nam a22002417a 4500
005 - DATE AND TIME OF LATEST TRANSACTION
control field 20170124110210.0
010 ## - LIBRARY OF CONGRESS CONTROL NUMBER
LC control number A-953382
020 ## - INTERNATIONAL STANDARD BOOK NUMBER
Terms of availability 00.00
035 ## - SYSTEM CONTROL NUMBER
System control number A-953382
037 ## - SOURCE OF ACQUISITION
Source of stock number/acquisition Cen Lib/Ret
040 ## - CATALOGING SOURCE
Original cataloging agency DPL
Language of cataloging EN
082 ## - DEWEY DECIMAL CLASSIFICATION NUMBER
Classification number 239
Item number PUR
100 ## - MAIN ENTRY--PERSONAL NAME
Personal name Puri, J. R.
9 (RLIN) 38022
245 ## - TITLE STATEMENT
Title Sultan Bahu /
Statement of responsibility, etc by J. R. Puri [and] K. S. Khak
260 ## - PUBLICATION, DISTRIBUTION, ETC. (IMPRINT)
Name of publisher, distributor, etc Radha Soami Satsang Beas
Place of publication, distribution, etc Punjab
Date of publication, distribution, etc 1998
270 ## - ADDRESS
City Amritsar
Address P.O. Dera Baba Jaimal Singh
Postal code 143204
300 ## - PHYSICAL DESCRIPTION
Extent xiii,450p.
Dimensions 23cm(Hb)
490 ## - SERIES STATEMENT
Series statement Mystics of the East series
650 ## - SUBJECT ADDED ENTRY--TOPICAL TERM
Topical term or geographic name as entry element Sult̤ān Bāhū, -- 1630-1691 -- Criticism and interpretation
9 (RLIN) 38023
650 ## - SUBJECT ADDED ENTRY--TOPICAL TERM
Topical term or geographic name as entry element Sult̤ān Bāhū, -- 1630-1691.
9 (RLIN) 38024
700 ## - ADDED ENTRY--PERSONAL NAME
Personal name Khak, K. S.
9 (RLIN) 38025
942 ## - ADDED ENTRY ELEMENTS (KOHA)
Source of classification or shelving scheme Dewey Decimal Classification
Koha item type English Books
Classification part 239
Call number suffix PUR
Holdings
Withdrawn status Lost status Damaged status Not for loan Home library Current library Date acquired Source of acquisition Cost, normal purchase price Total Checkouts Full call number Barcode Date last seen Date checked out Copy number Cost, replacement price Price effective from Koha item type
        Central Library Central Library 27/07/2015 Cen Lib/Ret 0.00 1 239 PUR A-953382 14/03/2018 24/02/2018 1 0.00 27/07/2015 English Books

© Delhi Public Library
Hit Counter
free hit counter